| 000 | 01253nam a2200241Ia 4500 | ||
|---|---|---|---|
| 003 | Ost | ||
| 005 | 20260507075649.0 | ||
| 008 | 260507s9999||||xx |||||||||||||| ||und|| | ||
| 020 | _a×329287977 | ||
| 040 | _cfsecg | ||
| 041 | _aara | ||
| 082 | _a5.133 | ||
| 100 |
_aحسين، قدرى _eمؤلف |
||
| 245 | 0 |
_aتعلم وإحترف C بسهولة / _c قدرى حسين |
|
| 260 |
_aالقاهرة: _bدار الكتب العلمية, _c2003 |
||
| 300 |
_a430 صفحة؛ _bإيضاحات ؛ _c24 سم |
||
| 520 | _aمقدمة لمايكروسوفت دوت نت- أساسيات البيانات في لغة سي شارب- جمل التحكم في مسار البرنامج وجمل التكرار- البرمجة موجهة الهدف- الدوال والوراثة والمعدلات- التجريد وتعداد الأشكال- المصفوفات- الإستثناءات ومعالجتها- بناء واجهة المستخدم الرسومية- تابع بناء واجهة المستخدم الرسومية- أساسيات قواعد البيانات. | ||
| 653 | _aالإعلام الألي | ||
| 653 | _aالبرمجيات- C | ||
| 653 | _aالحاسوب | ||
| 700 |
_aماجد، مصطفى _eمؤلف ثانوي |
||
| 942 | _cكتاب | ||
| 999 |
_c45545 _d45545 |
||